Φόβοι και άγχη στην παιδική ηλικία : διπλωματική εργασία [πτυχιακή εργασία]

Αποθηκεύτηκε σε:
Λεπτομέρειες βιβλιογραφικής εγγραφής
Κύριος συγγραφέας: Ντάλη, Χρυσούλα
Συγγραφή απο Οργανισμό/Αρχή: Πανεπιστήμιο Αιγαίου Σχολή Ανθρωπιστικών Επιστημών Τμήμα Επιστημών της Προσχολικής Αγωγής και του Εκπαιδευτικού Σχεδιασμού
Άλλοι συγγραφείς: Πολεμικός, Νικήτας Ε. (Εισηγητής διατριβής)
Μορφή: Thesis Βιβλίο
Γλώσσα:Greek
Δημοσίευση: 2010
Θέματα:
Διαθέσιμο Online:http://hdl.handle.net/11610/7518
Ετικέτες: Προσθήκη ετικέτας
Δεν υπάρχουν, Καταχωρήστε ετικέτα πρώτοι!

MARC

LEADER 00000cam a2200000 i 4500
001 1/17828
008 120215s2010 gre d
035 |l 10111854 
040 |a GR-MY-UA  |b gre  |e aacr 
041 0 |a gre 
082 0 |a 155.412  |2 (22) 
100 1 |a Ντάλη, Χρυσούλα. 
245 1 0 |a Φόβοι και άγχη στην παιδική ηλικία :  |b διπλωματική εργασία [πτυχιακή εργασία] /  |c Ντάλη Χρυσούλα ; επιβλέπων: Πολεμικός Νικήτας 
260 |c 2010 
300 |a 61 σ.;  |c 30 εκ. 
500 |a Μέλη εξεταστικής επιτροπής: Ξανθάκου Ποτίτσα, Νικολάου Ελένη 
502 |a Πτυχιακή εργασία – Πανεπιστήμιο Αιγαίου, Ρόδος, 2010. 
504 |a Βιβλίογραφία: σ. 60-61 
650 0 0 |a Phobias in children. 
650 0 0 |a Stress in children. 
650 0 0 |a Child psychology. 
650 0 0 |a Fear. 
650 0 0 |a Dissertations, Academic  |z Greece. 
700 1 |a Πολεμικός, Νικήτας Ε.  |4 ths 
710 2 |a Πανεπιστήμιο Αιγαίου  |b Σχολή Ανθρωπιστικών Επιστημών  |b Τμήμα Επιστημών της Προσχολικής Αγωγής και του Εκπαιδευτικού Σχεδιασμού. 
852 |a INST  |b RHODES  |c DIATR  |e 20120215  |h 155.412 ΝΤΑ  |p 005400034046  |q 005400034046  |t DIE  |y 23 
852 |a INST  |b RHODES  |c DIATR  |e 20120215  |h 155.412 ΝΤΑ  |p 005400034047  |q 005400034047  |t DIE  |y 23 
856 |u http://hdl.handle.net/11610/7518 
901 |a BIBL4-2012-1 
909 |a Ρ  |b 170696 
909 |a Ρ  |b 170697 
924 |a ΝΤΑΛΗ  |b ΧΡΥΣΟΥΛΑ  |y ΡΟΔΟΣ  |z 2010-06 
970 |z 2012/02/15